| 000 | 00646nam a22002057a 4500 | ||
|---|---|---|---|
| 003 | 0 | ||
| 005 | 20230824103121.0 | ||
| 008 | 230824b xxu||||| |||| 00| 0 eng d | ||
| 020 | _a978-621-406-024-5 | ||
| 050 |
_aHF 5718 _b.Se43 2021 |
||
| 100 | _aSebastian, Evelyn L. | ||
| 245 |
_aBusiness communication with fundamentals of research _cSebastian, Evelyn L. |
||
| 260 |
_aManila _bMindshapers Co., Inc. _cc2021. |
||
| 300 |
_aviii, 194 pages ; _c25cm. |
||
| 500 | _aBusiness communication. | ||
| 504 | _aIncludes bibliographical references. | ||
| 650 | _aBusiness communication. | ||
| 650 | _aBusiness education. | ||
| 942 |
_2lcc _cBK |
||
| 999 |
_c365203 _d365203 |
||